000 02308cpcaa2200433 a 4500
001 mm 85061876
003 DLC
005 20260227111722.0
007 cr |||||||||||
008 850926|||||||||||| eng
010 _amm 85061876
040 _aDLC
_edacs
_cDLC
_dDLC
072 7 _aR
_2lcmd
245 0 0 _aHulsizer family papers,
_f1915-1941
_g(bulk 1917-1919).
300 _a145
_fitems.
300 _a1
_fcontainer.
300 _a0.4
_flinear feet.
506 0 _aOpen to research.
520 8 _aChiefly letters of Edith Hulsizer Copher and her sister Sophy Hulsizer Powell to family members during World War I. Copher's letters describe her service with the Harvard U.S. Army Base Hospital No. 5, British Expeditionary Force, near Paris, France, and include her observations on local social life and customs. Letters from Powell, wife of Fred Wilbur Powell, an American commercial attaché in London, England, pertain to social life in the expatriate community. Includes newspaper clippings relating to the Hulsizer family.
546 _aCollection material in English.
555 8 _aFinding aid available in the Library of Congress Manuscript Reading Room and at
_uhttp://hdl.loc.gov/loc.mss/eadmss.ms007126
600 1 0 _aPowell, Fred Wilbur,
_d1881-1943.
600 3 0 _aHulsizer family.
610 1 0 _aGreat Britain.
_bArmy.
_bBritish Expeditionary Force.
610 2 0 _aHarvard U.S. Army Base Hospital No. 5.
650 0 _aAmericans
_zEngland
_zLondon.
650 0 _aCommercial attachés
_zEngland
_zLondon.
650 0 _aWorld War, 1914-1918
_xMedical care.
650 0 _aWorld War, 1914-1918
_zFrance.
650 0 _aWorld War, 1914-1918
_zGreat Britain.
651 0 _aFrance
_xSocial life and customs
_y20th century.
651 0 _aGreat Britain
_xSocial life and customs
_y20th century.
700 1 _aCopher, Edith Hulsizer,
_d1891-1935.
_tEdith Hulsizer Copher papers.
700 1 _aPowell, Sophy Hulsizer,
_d-1937.
_tSophy Hulsizer Powell papers.
856 4 _3Finding aid
_uhttp://hdl.loc.gov/loc.mss/eadmss.ms007126
856 4 _3Finding aid (PDF)
_uhttp://hdl.loc.gov/loc.mss/eadmss.ms007126.3
999 _c44133
_d44133